| 000 -LEADER |
| fixed length control field |
01627 a2200265 4500 |
| 003 - CONTROL NUMBER IDENTIFIER |
| control field |
Nust |
| 005 - DATE AND TIME OF LATEST TRANSACTION |
| control field |
20220803111341.0 |
| 010 ## - LIBRARY OF CONGRESS CONTROL NUMBER |
| LC control number |
2006494128 |
| 020 ## - INTERNATIONAL STANDARD BOOK NUMBER |
| International Standard Book Number |
0852961073 |
| 035 ## - SYSTEM CONTROL NUMBER |
| System control number |
(CStRLIN)UKCG3479351-B |
| 035 ## - SYSTEM CONTROL NUMBER |
| System control number |
(UkCU)3479351 |
| 040 ## - CATALOGING SOURCE |
| Transcribing agency |
Nust |
| 082 ## - DEWEY DECIMAL CLASSIFICATION NUMBER |
| Classification number |
621.317,STE |
| 100 1# - MAIN ENTRY--PERSONAL NAME |
| Personal name |
Stewart, Stan. |
| 9 (RLIN) |
96389 |
| 245 10 - TITLE STATEMENT |
| Title |
Distribution Switchgear / |
| Statement of responsibility, etc. |
Stan Stewart. |
| 260 ## - PUBLICATION, DISTRIBUTION, ETC. |
| Place of publication, distribution, etc. |
London : |
| Name of publisher, distributor, etc. |
Institution of Electrical Engineers, |
| Date of publication, distribution, etc. |
c2004. |
| 300 ## - PHYSICAL DESCRIPTION |
| Extent |
xiv, 246 p. : |
| Other physical details |
ill. ; |
| Dimensions |
25 cm. |
| 440 #0 - SERIES STATEMENT/ADDED ENTRY--TITLE |
| Title |
IEE power and energy series ; |
| Volume/sequential designation |
46 |
| 9 (RLIN) |
96390 |
| 505 ## - FORMATTED CONTENTS NOTE |
| Formatted contents note |
Basics and general principles (Page-1), Interruption techniques (Page-9), Fault level calculations (Page-31), Symmetrical and asymmetrical fault currents (Page-43), Electromagnetic forces and contact design (Page-55), Switching transients (Page-71), Insulation (Page-87), Operating mechanisms (Page-103), Primary switchgear (Page-119), Cable connected secondary switchgear (Page-135), Overhead conductor connected secondary switchgear (Page-153), High-voltage fuse-links (Page-175), Switchgear type tests (Page-187)Product conformity, quality control and service problem resolution (Page-211),Cost of ownership (Page-221), The future (Page-225), Further reading (Page-231), National, international and customer specifications (Page-235), |
| Miscellaneous information |
|
| Statement of responsibility |
, |
| 650 #0 - SUBJECT ADDED ENTRY--TOPICAL TERM |
| Topical term or geographic name entry element |
Telecommunication Engineering |
| 710 2# - ADDED ENTRY--CORPORATE NAME |
| Corporate name or jurisdiction name as entry element |
Institution of Electrical Engineers. |
| 856 41 - ELECTRONIC LOCATION AND ACCESS |
| Materials specified |
Publisher description |
| Uniform Resource Identifier |
<a href="http://www.loc.gov/catdir/enhancements/fy0652/2006494128-d.html">http://www.loc.gov/catdir/enhancements/fy0652/2006494128-d.html</a> |
| 856 41 - ELECTRONIC LOCATION AND ACCESS |
| Materials specified |
Table of contents only |
| Uniform Resource Identifier |
<a href="http://www.loc.gov/catdir/toc/fy0702/2006494128.html">http://www.loc.gov/catdir/toc/fy0702/2006494128.html</a> |
| 942 ## - ADDED ENTRY ELEMENTS (KOHA) |
| Source of classification or shelving scheme |
|
| Koha item type |
Reference |